• 首页
  • 本馆介绍
  • 公告通知
  • 最新文献
  • 馆藏检索
  • 电子资源
  • 读者导购
  • 参考咨询
  • 我的图书馆
  • 登录
  • 详细信息显示
  • 放入我的书架
  • 预约/预借图书
  • 作者相关作品
  • 分类相关作品
  • 丛书相关作品
  • 出版社相关作品

书目信息

  • 表格格式
  • 工作单格式
  • 卡片格式
题名:
西瓜生产技术手册
    
 
作者: 贾文海 , 贾智超 主编
分册:  
出版信息: 北京   金盾出版社  2018重印
页数: 324页
开本: 21cm
丛书名:
单 册:
中图分类: S651-62
科图分类:
主题词: 西瓜--xi gua--瓜果园艺--栽培技术
电子资源:
ISBN: 978-7-5186-0854-6
000 00898nam0 2200253 45
001 012001000595
005 20140106132209.0
010    @a978-7-5186-0854-6@dCNY32.00
099    @aCAL 012017019596
100    @a20170306d2016 em y0chiy50 ea
101 0  @achi
102    @aCN@b110000
105    @aa z 000yy
106    @ar
200 1  @a西瓜生产技术手册@Axi gua sheng chan ji shu shou c@f贾文海, 贾智超主编
210    @a北京@c金盾出版社@d2018重印
215    @a324页@c图@d21cm
330    @a本书内容包括:西瓜栽培基础知识,西瓜主栽品种及种子检验,西瓜育苗技术,西瓜栽培技术,西瓜栽培模式,西瓜采收经销与贮藏加工,西瓜病虫害防治,西瓜种植专家经验介绍等。
606 0  @a西瓜@Axi gua@x瓜果园艺@x栽培技术
690    @aS651-62@v4
701  0 @a贾文海@Ajia wen hai@4主编@4编著
701  0 @a贾智超@Ajia zhi chao@4主编
801  0 @aCN@b北京卓展文化@c20191020
905    @b1200682-5@dS651-62@e509@f4
    
    西瓜生产技术手册/贾文海, 贾智超主编.-北京:金盾出版社,2018重印
    324页:图;21cm
    
    
    ISBN 978-7-5186-0854-6:CNY32.00
    本书内容包括:西瓜栽培基础知识,西瓜主栽品种及种子检验,西瓜育苗技术,西瓜栽培技术,西瓜栽培模式,西瓜采收经销与贮藏加工,西瓜病虫害防治,西瓜种植专家经验介绍等。
●
相关链接 在E读中查询图书 在五车中查询图书 在当当中查询图书 在豆瓣中查询图书


正题名:西瓜生产技术手册     索取号:S651-62/509         预约/预借

序号 登录号 条形码 馆藏地/架位号 状态 备注
1 1200682   212006826   第二样本阅览室/ [索取号:S651-62/509] 在馆    
2 1200683   212006835   第三借阅区/ [索取号:S651-62/509] 在馆    
3 1200684   212006844   第三借阅区/ [索取号:S651-62/509] 在馆    
4 1200685   212006853   第三借阅区/ [索取号:S651-62/509] 在馆    
唐山师范学院图书馆 欢迎您!
大连网信软件有限公司© 版权所有